000
00337 a2200157 4500
001
175895
020
_a
040
_c
Magnum
100
_a
Nascimento, Abdias
240
1
0
_a
Sitiado em lagos
_l
por
245
1
0
_a
Sitiado em lagos
362
0
_a
1899
440
1
_a
Nova Fronteira
697
_a
MAGNITO: PROBLEMAS SOCIAIS
942
_c
BK
999
_c
175895
_d
175895